| 000 | 00809nam a22002417a 4500 | ||
|---|---|---|---|
| 999 |
_c18039 _d18039 |
||
| 003 | AR-CdUCM | ||
| 008 | 190511b ||||| |||| 00| 0 spa d | ||
| 040 |
_aMUNICIPALIDAD PROVINCIAL DEL CUSCO _cBIBLIOTECA MUNICIPAL DEL CUSCO |
||
| 082 |
_22ed. _a342.524 / _bH49 |
||
| 100 |
_aHeydecker, Joe J. _938382 |
||
| 245 | _aEl proceso de Nuremberg / | ||
| 260 |
_aBarcelona : _bBruguera, _c1963. |
||
| 300 |
_a511 páginas ; _c21 cm. |
||
| 505 | _aContenido: La gran batida -- El camino a Nuremberg -- Poder y locura -- En la retaguardia... | ||
| 650 |
_aProceso de Nuremberg _917821 |
||
| 650 |
_aHistoria _9136 |
||
| 650 |
_aFascismo _93453 |
||
| 650 |
_aAlemania _91327 |
||
| 700 |
_aLeeb, Johannes _938383 |
||
| 700 |
_aScholz, Victor (traductor) _98017 |
||
| 942 |
_2ddc _cLIBROS |
||
| 945 |
_aacv _d2019-05-11 |
||